000 005730000a22001810004500
003 MACL
005 20160131134353.0
008 160131b xxu||||| |||| 00| 0 eng d
040 _aMACL
_cmacl
041 _aHindi
082 _a300
100 _aदोषी एस. एल
_936358
245 _aआधुनिक समाजशास्‍त्रीय विचारक
260 _bरावत पब्लिकेशन
_c2010
_aनई दिल्‍ली
350 _a225
650 _aसमाज शस्‍त्र
_936359
942 _cHIN
_k300
_2ddc
999 _c45564
_d45564